00510nam a2200157 i 450000100060000000300090000600500170001500700030003200800410003510000220007624501290009826000400022730000300026770000240029785200310032198290ES-MaACL20230906182242.0t|050727s1953 sp ||||1| spa d1 aMarshall, Edison.10aShikar y safari b: cacerías en la jungla y en el Veldt / cEdison Marshall; [versión española de Juan A. G. Larraya]. aBarcelona : bMolino-Ponsa, c1953. a189 p. : bil. ; c22 cm.1 aLarraya, Juan A. G. aES-MaACLjC-6540 bR.35698